<?xml version='1.0' encoding='UTF-8'?>
  <record xmlns="http://www.loc.gov/MARC21/slim">
    <leader>00000cam a22000007i 4500</leader>
    <controlfield tag="001">ocm65912346</controlfield>
    <controlfield tag="003">OCoLC</controlfield>
    <controlfield tag="005">20251215100111.1</controlfield>
    <controlfield tag="008">921016s1473    fr            000 0 lat d</controlfield>
    <datafield tag="040" ind1=" " ind2=" ">
      <subfield code="a">NLGGC</subfield>
      <subfield code="b">eng</subfield>
      <subfield code="e">rda</subfield>
      <subfield code="e">dcrmr</subfield>
      <subfield code="c">NLGGC</subfield>
      <subfield code="d">OCLCL</subfield>
      <subfield code="d">OCLCQ</subfield>
      <subfield code="d">QGJ</subfield>
    </datafield>
    <datafield tag="029" ind1="0" ind2=" ">
      <subfield code="a">NLGGC</subfield>
      <subfield code="b">099455056</subfield>
    </datafield>
    <datafield tag="035" ind1=" " ind2=" ">
      <subfield code="a">(OCoLC)65912346</subfield>
    </datafield>
    <datafield tag="100" ind1="0" ind2=" ">
      <subfield code="a">Zacharias Chrysopolitanus,</subfield>
      <subfield code="d">-approximately 1157,</subfield>
      <subfield code="e">author.</subfield>
      <subfield code="4">aut</subfield>
    </datafield>
    <datafield tag="245" ind1="1" ind2="0">
      <subfield code="a">Vnum ex quatuor seu [con]cordia euangelista[rum] et de sup[er] expositio /</subfield>
      <subfield code="c">co[n]tnia exactissima dilige[n]cia edita a zacharia crisopolita</subfield>
    </datafield>
    <datafield tag="246" ind1="3" ind2=" ">
      <subfield code="a">Unum ex quattuor seu concordia evangelistarum et de super expositio</subfield>
    </datafield>
    <datafield tag="246" ind1="1" ind2=" ">
      <subfield code="i">Title according to the ISTC:</subfield>
      <subfield code="a">Unum ex quattuor seu Concordantia evangelistarum</subfield>
    </datafield>
    <datafield tag="246" ind1="1" ind2=" ">
      <subfield code="i">Title according to the GW:</subfield>
      <subfield code="a">Unum ex quattuor seu Concordantia evangeliorum</subfield>
    </datafield>
    <datafield tag="246" ind1="3" ind2=" ">
      <subfield code="a">De concordantia Evangelistarum</subfield>
    </datafield>
    <datafield tag="264" ind1=" " ind2="1">
      <subfield code="a">[Strasbourg] :</subfield>
      <subfield code="b">[C.W.],</subfield>
      <subfield code="c">1473</subfield>
    </datafield>
    <datafield tag="300" ind1=" " ind2=" ">
      <subfield code="a">[182] leaves ;</subfield>
      <subfield code="c">39 cm (folio)</subfield>
    </datafield>
    <datafield tag="336" ind1=" " ind2=" ">
      <subfield code="a">text</subfield>
      <subfield code="b">txt</subfield>
      <subfield code="2">rdacontent</subfield>
    </datafield>
    <datafield tag="337" ind1=" " ind2=" ">
      <subfield code="a">unmediated</subfield>
      <subfield code="b">n</subfield>
      <subfield code="2">rdamedia</subfield>
    </datafield>
    <datafield tag="338" ind1=" " ind2=" ">
      <subfield code="a">volume</subfield>
      <subfield code="b">nc</subfield>
      <subfield code="2">rdacarrier</subfield>
    </datafield>
    <datafield tag="340" ind1=" " ind2=" ">
      <subfield code="m">folio</subfield>
      <subfield code="2">rdabf</subfield>
    </datafield>
    <datafield tag="340" ind1=" " ind2=" ">
      <subfield code="k">2 columns</subfield>
    </datafield>
    <datafield tag="500" ind1=" " ind2=" ">
      <subfield code="a">Title and date of printing from colophon on leaf [t10] verso, which reads: explicit vnum ex quatuor seu [con]cordia euangelista[rum] et de sup[er] expositio co[n]tnia exactissima dilige[n]cia edita a zacharia crisopolita. 1473</subfield>
    </datafield>
    <datafield tag="500" ind1=" " ind2=" ">
      <subfield code="a">First line of preliminary pages: Incipiu[n]t cap[i]t[u]la Mathei eua[n]geliste.</subfield>
    </datafield>
    <datafield tag="500" ind1=" " ind2=" ">
      <subfield code="a">First line of main text: Incipit vnum ex quatuor seu [con]cordia euangelistarum.</subfield>
    </datafield>
    <datafield tag="500" ind1=" " ind2=" ">
      <subfield code="a">The printer has been identified as Clas Wencker or Conrad Wolfach tentatively by E. Voulliéme, Die deutschen Drucker des 15. Jahrhunderts, 2nd edn, Berlin, 1922, p. 148, and F. Geldner. Die deutschen Inkunabeldrucker: Ein Handbuch der deutschen Buchdruckerdes XV. Jahrhunderts nach Druckorten, 2 vols, Stuttgart, 1968-70, I, p. 64, although this attribution has been questioned in P. Needham, "Four Strasbourg Incunables incorrectly assigned to Anton Koberger of Nuremberg", British Library Journal, 6 (1980), 130-43 (p. 142 n. 18).</subfield>
    </datafield>
    <datafield tag="500" ind1=" " ind2=" ">
      <subfield code="a">Text printed in two columns, 52 lines.</subfield>
    </datafield>
    <datafield tag="500" ind1=" " ind2=" ">
      <subfield code="a">Capital spaces without guide letters.</subfield>
    </datafield>
    <datafield tag="500" ind1=" " ind2=" ">
      <subfield code="a">Signatures (from GW): [a-c¹⁰ d⁸ e¹⁰ f⁸ g-i¹⁰ k⁴ l-p¹⁰ q¹² r-t¹⁰]. Leaves [a10], [d8], [f7] and [f8] blank.</subfield>
    </datafield>
    <datafield tag="505" ind1="0" ind2=" ">
      <subfield code="a">Tables of contents and relative notes, [a1]recto-[a9]recto; Zacharias Chrysopolitanus. [Introduction], [b1]recto-[b7]recto; "Epilogus breuis", incipit "Est summum natura boni" [i.e. Walther, Initia 5857], [b7]recto; Zacharias Chrysopolitanus. Concordantia evangelistarum, Books 1-4, [b7]recto-[t10]verso; colophon, [t10]verso.</subfield>
    </datafield>
    <datafield tag="510" ind1="4" ind2=" ">
      <subfield code="a">Incunabula short title catalogue,</subfield>
      <subfield code="c">iz00013000</subfield>
      <subfield code="u">https://data.cerl.org/istc/iz00013000</subfield>
    </datafield>
    <datafield tag="510" ind1="4" ind2=" ">
      <subfield code="a">Gesamtkatalog der Wiegendrucke,</subfield>
      <subfield code="c">M52010</subfield>
      <subfield code="u">https://www.gesamtkatalogderwiegendrucke.de/docs/M52010.htm</subfield>
    </datafield>
    <datafield tag="510" ind1="4" ind2=" ">
      <subfield code="a">Incunabula in Dutch Libraries,</subfield>
      <subfield code="c">4739</subfield>
    </datafield>
    <datafield tag="630" ind1="0" ind2="0">
      <subfield code="a">Bible.</subfield>
      <subfield code="p">Gospels</subfield>
      <subfield code="x">Harmonies</subfield>
      <subfield code="v">Early works to 1800.</subfield>
    </datafield>
    <datafield tag="655" ind1=" " ind2="7">
      <subfield code="a">incunabula (books)</subfield>
      <subfield code="2">aat</subfield>
    </datafield>
    <datafield tag="655" ind1=" " ind2="7">
      <subfield code="a">Incunables.</subfield>
      <subfield code="2">rvmgf</subfield>
    </datafield>
    <datafield tag="700" ind1="0" ind2=" ">
      <subfield code="a">C. W.,</subfield>
      <subfield code="d">active 1473-1475,</subfield>
      <subfield code="e">printer.</subfield>
      <subfield code="4">prt</subfield>
      <subfield code="1">https://id.oclc.org/worldcat/entity/E39PCjrQp7WFDpKb3QxxYWDGtq</subfield>
    </datafield>
    <datafield tag="752" ind1=" " ind2=" ">
      <subfield code="a">France</subfield>
      <subfield code="d">Strasbourg,</subfield>
      <subfield code="e">publication place.</subfield>
      <subfield code="4">pup</subfield>
    </datafield>
    <datafield tag="936" ind1=" " ind2=" ">
      <subfield code="a">BATCHLOAD</subfield>
    </datafield>
  </record>